LEADER 00912nam0-22003371i-450- 001 990001855270403321 005 20061006115049.0 035 $a000185527 035 $aFED01000185527 035 $a(Aleph)000185527FED01 035 $a000185527 100 $a20030910d2000----km-y0itay50------ba 101 0 $aita 102 $aIT 105 $a--------001yy 200 1 $aFiliera vino$e1999$fISMEA 210 $aRoma$cISMEA$d2000 215 $a141 p.$d24 cm 225 1 $aAgrisole$v7-99 300 $aSuppl. a: Agrisole, luglio, 2000 610 0 $aMercati agricoli 610 0 $aVini 676 $a380.141 710 02$aISMEA$9$0354033 801 0$aIT$bUNINA$gRICA$2UNIMARC 901 $aBK 912 $a990001855270403321 952 $a60 380.141 B 35$b8057$fFAGBC 959 $aFAGBC 996 $aFiliera vino$9394005 997 $aUNINA LEADER 01200nam a2200289 i 4500 001 991002385329707536 005 20020507163335.0 008 000515s1993 it ||| | ita 020 $a8814040001 035 $ab11649501-39ule_inst 035 $aLE02735740$9ExL 040 $aDip.to Studi Giuridici$bita 082 0 $a346.45082 084 $aCM-VII/F 100 1 $aMaisano, Aldo$0230794 245 10$aTrasparenza e riequilibrio delle operazioni bancarie :$bla difficile transizione dal diritto della banca al diritto bancario /$cAldo Maisano 260 $aMilano :$bA. Giuffrè,$c1993 300 $axx, 252 p. ;$c24 cm. 440 3$aIl diritto della banca e della borsa ;$v20 650 4$aOperazioni bancarie$xLegislazione 907 $a.b11649501$b02-04-14$c02-07-02 912 $a991002385329707536 945 $aLE027 CM-VII/F 13$g1$i2027000160594$lle027$o-$pE0.00$q-$rl$s- $t0$u5$v1$w5$x0$y.i11874302$z02-07-02 945 $aLE027 CM-VII/F 13 bis$g2$i2027000273744$lle027$o-$pE0.00$q-$rl$s- $t0$u1$v10$w1$x0$y.i11874314$z02-07-02 996 $aTrasparenza e riequilibrio delle operazioni bancarie$9643574 997 $aUNISALENTO 998 $ale027$b01-01-00$cm$da $e-$fita$git $h0$i2 LEADER 00828nam0-22002771i-450 001 990005352260403321 005 20260116133004.0 035 $aFED01000535226 100 $a19990604f1917----km-y0itay50------ba 101 0 $aita$agrc 102 $aIT 105 $aa-------000yy 200 1 $aPrometeo$fEschilo$gcommentato ad uso delle scuole italiane da Nicola Terzaghi 210 $aMilano [etc.]$cRemo Sandron$d1917 215 $aXCVI, 182 p.$cill.$d20 cm 500 10$aTragoediae$iPrometheus vinctus$918700 676 $a882.01 700 1$aAeschylus$f$0153340 702 1$aTerzaghi,$bNicola 801 0$aIT$bUNINA$gRICA$2UNIMARC 901 $aBK 912 $a990005352260403321 952 $aP2B 610 AES 07 (2)$bARCH. 13755$fFLFBC 959 $aFLFBC 996 $aTragoediae$918700 997 $aUNINA